IFM Opac

Pattern recognition (Record no. 5699)

MARC details
000 -LEADER
fixed length control field 00365nam a2200145Ia 4500
020 ## - INTERNATIONAL STANDARD BOOK NUMBER
International Standard Book Number 0632018852
082 ## - DEWEY DECIMAL CLASSIFICATION NUMBER
Classification number 006.4 JAM
100 ## - MAIN ENTRY--PERSONAL NAME
Personal name James, Mike
9 (RLIN) 366
245 ## - TITLE STATEMENT
Title Pattern recognition
260 ## - PUBLICATION, DISTRIBUTION, ETC.
Place of publication, distribution, etc. London:
Name of publisher, distributor, etc. BSP Professional Books
Date of publication, distribution, etc. 1987
300 ## - PHYSICAL DESCRIPTION
Extent x, 144p.: ill.; 23cm
500 ## - GENERAL NOTE
General note Includes index
650 ## - SUBJECT ADDED ENTRY--TOPICAL TERM
Topical term or geographic name entry element Computer pattern reconition
9 (RLIN) 367
942 ## - ADDED ENTRY ELEMENTS (KOHA)
Koha item type Books
Holdings
Withdrawn status Lost status Damaged status Not for loan Collection code Home library Current library Shelving location Date acquired Total Checkouts Full call number Barcode Date last seen Price effective from Koha item type
        Non-fiction IFM Main Campus Library IFM Main Campus Library Archival Collection 09/07/2021   006.4 JAM 0000000175 05/15/2015 02/19/2022 Books
        Non-fiction IFM Main Campus Library IFM Main Campus Library Archival Collection 09/07/2021   006.4 JAM 0000000174 10/20/2015 02/19/2022 Books